Social psychology / (Record no. 1579)
| 000 -LEADER | |
|---|---|
| fixed length control field | 01803cam a22003374a 4500 |
| 001 - CONTROL NUMBER | |
| control field | 16884352 |
| 003 - CONTROL NUMBER IDENTIFIER | |
| control field | OSt |
| 005 - DATE AND TIME OF LATEST TRANSACTION | |
| control field | 20150323165639.0 |
| 008 - FIXED-LENGTH DATA ELEMENTS--GENERAL INFORMATION | |
| fixed length control field | 110722s2012 maua b 001 0 eng |
| 010 ## - LIBRARY OF CONGRESS CONTROL NUMBER | |
| LC control number | 2011031291 |
| 020 ## - INTERNATIONAL STANDARD BOOK NUMBER | |
| International Standard Book Number | 9780205205585 |
| 020 ## - INTERNATIONAL STANDARD BOOK NUMBER | |
| International Standard Book Number | 0205205585 |
| 035 ## - SYSTEM CONTROL NUMBER | |
| System control number | (OCoLC)ocn742339168 |
| 040 ## - CATALOGING SOURCE | |
| Original cataloging agency | DLC |
| Transcribing agency | DLC |
| Modifying agency | YDX |
| -- | YDXCP |
| -- | BWX |
| -- | DLC |
| 042 ## - AUTHENTICATION CODE | |
| Authentication code | pcc |
| 050 00 - LIBRARY OF CONGRESS CALL NUMBER | |
| Classification number | HM1033.B35 2014 |
| 082 00 - DEWEY DECIMAL CLASSIFICATION NUMBER | |
| Classification number | 302 |
| Edition number | 23 |
| 100 1# - MAIN ENTRY--PERSONAL NAME | |
| Personal name | Baron, Robert A. |
| 245 10 - TITLE STATEMENT | |
| Title | Social psychology / |
| Statement of responsibility, etc | Robert A. Baron, Nyla R. Branscombe. |
| 250 ## - EDITION STATEMENT | |
| Edition statement | 13th ed. |
| 260 ## - PUBLICATION, DISTRIBUTION, ETC. (IMPRINT) | |
| Place of publication, distribution, etc | Boston : |
| Name of publisher, distributor, etc | Pearson, |
| Date of publication, distribution, etc | c2014. |
| 300 ## - PHYSICAL DESCRIPTION | |
| Extent | xxviii, 509 p. : |
| Other physical details | col. ill. ; |
| Dimensions | 29 cm. |
| 504 ## - BIBLIOGRAPHY, ETC. NOTE | |
| Bibliography, etc | Includes bibliographical references and indexes. |
| 505 0# - FORMATTED CONTENTS NOTE | |
| Formatted contents note | Social psychology : the science of the social side of life -- Social cognition : how we think about the social world -- Social perception : perceiving and understanding others -- The self : answering the question "Who am I?" -- Attitudes : evaluating and responding to the social world -- The causes, effects, and cures of stereotying, prejudice and discrimination -- Interpersonal attraction, close relationships, and love -- Social influence : changing others' behavior -- Prosocial behavior : helping others -- Aggression : its nature, causes, and control -- Groups and individuals : the consequences of belonging -- Social psychology : a guide to dealing with adversity and achieving a happy life. |
| 650 #0 - SUBJECT ADDED ENTRY--TOPICAL TERM | |
| Topical term or geographic name as entry element | Social psychology. |
| 700 1# - ADDED ENTRY--PERSONAL NAME | |
| Personal name | Branscombe, Nyla R. |
| 906 ## - LOCAL DATA ELEMENT F, LDF (RLIN) | |
| a | 7 |
| b | cbc |
| c | orignew |
| d | 1 |
| e | ecip |
| f | 20 |
| g | y-gencatlg |
| 942 ## - ADDED ENTRY ELEMENTS (KOHA) | |
| Source of classification or shelving scheme | |
| Koha item type | Book |
| Withdrawn status | Lost status | Source of classification or shelving scheme | Damaged status | Not for loan | Home library | Current library | Shelving location | Date acquired | Total Checkouts | Full call number | Barcode | Date last seen | Date checked out | Copy number | Price effective from | Koha item type |
|---|---|---|---|---|---|---|---|---|---|---|---|---|---|---|---|---|
| Riara University Library | Riara University Library | General stack | 23/03/2015 | 1 | HM1033.B35 2014 | 5412/15 | 21/02/2018 | 05/09/2017 | C.1 | 23/03/2015 | Book | |||||
| Riara University Library | Riara University Library | General stack | 23/03/2015 | HM1033.B35 2014 | 5413/15 | 23/03/2015 | C.2 | 23/03/2015 | Book | |||||||
| Riara University Library | Riara University Library | General stack | 23/03/2015 | 1 | HM1033.B35 2014 | 5414/15 | 09/10/2017 | 14/09/2017 | C.3 | 23/03/2015 | Book |
